| 000 | 00681nam a2200205 a 4500 | ||
|---|---|---|---|
| 001 | 000043396 | ||
| 005 | 20201002040857.0 | ||
| 008 | 140312s1994 dr 000 0 spa d | ||
| 040 |
_aDO-SdBNP _bspa _cBNPHU |
||
| 082 |
_a371.0753 _bP371i |
||
| 245 | 0 | 0 |
_aPedagogía ignaciana : _bun planteamiento práctico. |
| 260 |
_aSanto Domingo : _bSusaeta, _c1994. |
||
| 300 |
_a69 p. ; _c21 cm. |
||
| 504 | _aIcluye bibliografía y notas al pie de páginas. | ||
| 590 | _aInventariado, 2018/ | ||
| 650 | 4 |
_aJesuitas _xEnseñanza _971056 |
|
| 650 | 4 |
_aEducación religiosa _xMétodos de enseñanza _971057 |
|
| 650 | 4 |
_aPedagogía crítica _92197 |
|
| 910 | _aValidado. Control de calidad EMS | ||
| 999 |
_c42885 _d42885 |
||